غالب : (Record no. 107529)

MARC details
000 -LEADER
fixed length control field 00785nam a22002537a 4500
005 - DATE AND TIME OF LATEST TRANSACTION
control field 20170123162327.0
010 ## - LIBRARY OF CONGRESS CONTROL NUMBER
LC control number 189007
020 ## - INTERNATIONAL STANDARD BOOK NUMBER
Terms of availability 6.00
035 ## - SYSTEM CONTROL NUMBER
System control number 189007
037 ## - SOURCE OF ACQUISITION
Source of stock number/acquisition Cen Lib/Ret
040 ## - CATALOGING SOURCE
Original cataloging agency DPL
Language of cataloging UR
082 ## - DEWEY DECIMAL CLASSIFICATION NUMBER
Classification number 841
Item number غ ا ل
100 ## - MAIN ENTRY--PERSONAL NAME
Personal name خورشید الاسلام
9 (RLIN) 139298
245 ## - TITLE STATEMENT
Title غالب :
Statement of responsibility, etc خورشید الاسلام
Remainder of title ابتدایی اردو /
246 ## - VARYING FORM OF TITLE
Title proper/short title Ghalib : ibtadayi urdu /
Remainder of title by Khursheed Alasalam
260 ## - PUBLICATION, DISTRIBUTION, ETC. (IMPRINT)
Place of publication, distribution, etc علیگڑھ
Name of publisher, distributor, etc انجمن ترقی اردو ہند
Date of publication, distribution, etc 1960
270 ## - ADDRESS
City علیگڑھ
300 ## - PHYSICAL DESCRIPTION
Extent 284p.
Dimensions 21cm(Hb)
650 ## - SUBJECT ADDED ENTRY--TOPICAL TERM
Topical term or geographic name as entry element ادب --اردو
9 (RLIN) 139299
650 ## - SUBJECT ADDED ENTRY--TOPICAL TERM
Topical term or geographic name as entry element اردو نظم
9 (RLIN) 139300
650 ## - SUBJECT ADDED ENTRY--TOPICAL TERM
Topical term or geographic name as entry element Literature -- Urdu
9 (RLIN) 139301
650 ## - SUBJECT ADDED ENTRY--TOPICAL TERM
Topical term or geographic name as entry element Urdu poetry
9 (RLIN) 139302
942 ## - ADDED ENTRY ELEMENTS (KOHA)
Source of classification or shelving scheme Dewey Decimal Classification
Koha item type Urdu Bks
Classification part ن
Call number suffix غ ا ل
Holdings
Withdrawn status Lost status Damaged status Not for loan Home library Current library Date acquired Source of acquisition Cost, normal purchase price Total Checkouts Full call number Barcode Date last seen Copy number Cost, replacement price Price effective from Koha item type
        Central Library Central Library 08/01/2016 Cen Lib/Ret 6.00   841 غ ا ل 189007 08/01/2016 1 6.00 08/01/2016 Urdu Bks

© Delhi Public Library
Hit Counter
free hit counter